[Event "Hastings Masters"]
[Site "Hastings, England"]
[Date "2015.01.03"
[Round "6.30"]
[White "ter Steeg, Marcus, Dr."]
[WhiteElo "2000"]
[Black "Rayner, Francis"]
[BlackElo "2148"]
[Result "1/2-1/2"]

1. d4 Nf6 2. c4 e6 3. Nc3 Bb4 4. e3 b6 5. Nge2 Bb7 6. a3 Be7 7. f3 d5 8. cxd5
exd5 9. Ng3 c5 10. Bb5+ Nbd7 11. Nf5 O-O 12. O-O a6 13. Ba4 Re8 14. e4 cxd4 15.
Nxd5 Nxd5 16. exd5 b5 17. d6 Bf6 18. Bc2 Nf8 19. Bf4 Ne6 20. Qd3 g6 21. Nh6+
Kg7 22. Qd2 Nxf4 23. Qxf4 Bd5 24. Ng4 Bc4 25. Rfe1 Re6 26. b3 d3 27. Qh6+ Kg8
28. Nxf6+ Qxf6 29. bxc4 dxc2 30. Qd2 Rxd6 31. Qxc2 Qd4+ 32. Kf1 Qxc4+ 33. Qxc4
bxc4 34. Rac1 Rc8 35. Re4 c3 36. Re3 Rdc6 37. Ke2 Kg7 38. Rd3 Kf6 39. Re3 h5
40. Rc2 R8c7 41. h4 Kf5 42. Kf2 Rc4 43. g3 f6 44. Kg2 g5 45. hxg5 fxg5 46. Kf2
R7c5 47. Kg2 h4 48. Kh2 a5 49. Kh3 a4 50. Kg2 Rc6 51. Rd3 Kg6 52. Re3 Kh5 53.
gxh4 Kxh4 54. Re8 Kh5 55. Re3 Kg6 56. Kg3 Kf5 57. Rd3 Kg6 58. Re3 Rb6 59. Rcxc3
Rxc3 60. Rxc3 Rb3 61. Rc6+ Kh5 62. Ra6 Rxa3 63. Ra5 Kg6 64. Kg4 Kf6 65. Rf5+
Ke6 66. Kxg5 Ra1 67. Ra5 Rg1+ 68. Kf4 Rh1 69. Kg3 1/2-1/2

[Event "Hastings Masters"]
[Site "Hastings, England"]
[Date "2015.01.03"
[Round "6.31"]
[White "Reinwald, Patrick"]
[WhiteElo "2144"]
[Black "Larsen, Andreas"]
[BlackElo "2010"]
[Result "1-0"]

1. d4 d5 2. c4 e5 3. dxe5 d4 4. Nf3 Nc6 5. a3 a5 6. e3 Bc5 7. exd4 Nxd4 8. Be3
Bg4 9. Be2 Nxf3+ 10. gxf3 Bxe3 11. Qxd8+ Rxd8 12. fxe3 Bf5 13. Nc3 Ne7 14. Nb5
Rd7 15. Rg1 O-O 16. Rd1 Rxd1+ 17. Bxd1 Bd3 18. Be2 Bxe2 19. Kxe2 Ng6 20. f4 f6
21. e6 c6 22. Nd4 a4 23. Nf5 Re8 24. e7 Kh8 25. Rd1 Kg8 26. Rd8 Kf7 27. Nd6+
Kxe7 28. Rxe8+ Kxd6 29. Rg8 1-0

[Event "Hastings Masters"]
[Site "Hastings, England"]
[Date "2015.01.03"
[Round "6.32"]
[White "Marusenko, Petr"]
[WhiteElo "2194"]
[Black "Da Ces, Philippe"]
[BlackElo "1978"]
[Result "1-0"]

1. e4 d5 2. exd5 Qxd5 3. Nc3 Qa5 4. d4 Nf6 5. Nf3 Bf5 6. Bd2 c6 7. Ne4 Qb6 8.
Ng3 Bg4 9. Bc4 e6 10. Bb3 Nbd7 11. Bf4 O-O-O 12. O-O e5 13. dxe5 Nxe5 14. Qe2
Nxf3+ 15. gxf3 Bh3 16. Bxf7 Nd5 17. Be6+ Bxe6 18. Qxe6+ Rd7 19. Rfd1 Qd8 20.
Be3 Bd6 21. Ne4 Qe7 22. Nxd6+ Qxd6 23. Qxd6 Rxd6 24. Bxa7 Rf8 25. c4 Rg6+ 26.
Kh1 Nc7 27. Rd3 Rh6 28. Re1 Rf7 29. Bb6 Rd7 30. Rxd7 Kxd7 31. Bxc7 Kxc7 32.
Re7+ Kb6 33. Rxg7 Rxh2+ 34. Kxh2 h5 35. f4 1-0

[Event "Hastings Masters"]
[Site "Hastings, England"]
[Date "2015.01.03"
[Round "6.33"]
[White "Snape, Ian L"]
[WhiteElo "2162"]
[Black "Boardman, Jeffrey"]
[BlackElo "1999"]
[Result "1-0"]

1. c4 c6 2. e4 d5 3. cxd5 cxd5 4. exd5 Nf6 5. Qa4+ Nbd7 6. Nc3 g6 7. Nf3 Bg7 8.
Bc4 O-O 9. d3 Nb6 10. Qb3 Bg4 11. Ne5 Qd6 12. f4 Bf5 13. Be3 Ng4 14. Nxg4 Bxg4
15. Ne4 Qc7 16. O-O Rac8 17. Rfc1 Bf5 18. Ng3 Bd7 19. a4 Nxc4 20. dxc4 e5 21.
fxe5 Qxe5 22. Rc2 b6 23. Re1 Qe8 24. Qb4 Qd8 25. b3 Re8 26. Qd2 Qh4 27. Rcc1
Rxe3 28. Rxe3 Bd4 29. Kh1 Bxe3 30. Qxe3 Re8 31. Qc3 f5 32. Kg1 f4 33. Qd4 Re3
34. Rf1 g5 35. Ne4 Bf5 36. d6 Rxe4 37. Qd5+ Kg7 38. Qxf5 f3 39. Qxf3 Rf4 40. g3
Rxf3 41. gxh4 Rd3 42. hxg5 Rxd6 43. Kg2 Kg6 44. Rf6+ Rxf6 45. gxf6 Kxf6 46. Kf3
Ke5 47. Ke3 a5 48. Kd3 Kd6 49. Kd4 Kc6 50. h4 Kd6 51. h5 h6 52. Kc3 Kc6 53. Kc2
Kc5 54. Kd3 Kd6 55. Kd4 Kc6 56. Ke5 Kc5 57. Kf6 Kb4 58. Kg6 Kxb3 59. Kxh6 Kxa4
60. Kg7 Kb3 61. h6 Kxc4 62. h7 b5 63. h8=Q a4 64. Kf7 a3 65. Qa1 b4 66. Qc1+
Kb3 67. Qb1+ Kc3 68. Qa2 b3 69. Qxa3 Kc2 70. Qc5+ Kb1 71. Ke6 b2 72. Qa3 1-0

[Event "Hastings Masters"]
[Site "Hastings, England"]
[Date "2015.01.03"
[Round "6.34"]
[White "Burrows, Martin P"]
[WhiteElo "2128"]
[Black "Stonehouse, Tom H"]
[BlackElo "1798"]
[Result "1-0"]

1. e4 e5 2. Nf3 Nc6 3. Bb5 a6 4. Ba4 Nf6 5. O-O Be7 6. Re1 b5 7. Bb3 O-O 8. h3
d6 9. c3 Na5 10. Bc2 c5 11. d4 Qc7 12. Nbd2 Bd7 13. Nf1 Rac8 14. Ne3 cxd4 15.
cxd4 Nc6 16. a3 Qa7 17. Nd5 Rfe8 18. Be3 Qb7 19. Nxe7+ Rxe7 20. d5 Na5 21. b3
Qc7 22. Rc1 h6 23. Bd3 Qd8 24. Rxc8 Bxc8 25. b4 Nb7 26. Qb1 Bd7 27. Rc1 Ne8 28.
Rc3 a5 29. Nh4 a4 30. g4 g5 31. Nf5 Bxf5 32. gxf5 Qd7 33. Qf1 Nc7 34. Bb6 Nxd5
35. Bxb5 Nxc3 36. Bxd7 1-0

[Event "Hastings Masters"]
[Site "Hastings, England"]
[Date "2015.01.03"
[Round "6.36"]
[White "Othman, Mustapha"]
[WhiteElo "1973"]
[Black "Armstrong, Malcolm J"]
[BlackElo "2086"]
[Result "1-0"]

1. Nf3 Nf6 2. d4 d5 3. c4 c6 4. Nc3 a6 5. e3 g6 6. Bd3 Bg7 7. O-O O-O 8. Re1 b5
9. b3 Nbd7 10. e4 b4 11. exd5 bxc3 12. dxc6 Nb8 13. Ne5 Qxd4 14. c7 Ng4 15.
cxb8=Q Qxf2+ 16. Kh1 Rxb8 17. Nxg4 Bxg4 18. Be3 Qh4 19. Qc2 Be5 20. Bg1 Bf6 21.
Bf2 Qg5 22. Be3 Qh5 23. Rf1 Bg7 24. Rae1 Rfd8 25. c5 Bc8 26. c6 Rb4 27. Qf2 Bf6
28. Be2 Qh4 29. g3 Qe4+ 30. Bf3 Qf5 31. Rd1 e5 32. c7 Re8 33. Bc6 c2 34. Rc1
Bb7 35. Bxb7 Rxb7 36. Rxc2 Qxf2 37. Rfxf2 Rc8 38. Rc6 Rbxc7 39. Rxc7 Rxc7 40.
Rxf6 1-0

[Event "Hastings Masters"]
[Site "Hastings, England"]
[Date "2015.01.03"
[Round "6.37"]
[White "Fraser, John"]
[WhiteElo "1934"]
[Black "Kalaiyalahan, Akshaya"]
[BlackElo "2080"]
[Result "1-0"]

1. e4 c5 2. Nf3 Nc6 3. d4 cxd4 4. Nxd4 g6 5. Nc3 Bg7 6. Be3 Nf6 7. Bc4 Qa5 8.
O-O O-O 9. Bb3 d6 10. Nd5 Re8 11. Nxf6+ Bxf6 12. c3 Bd7 13. f4 Rac8 14. Qf3 b5
15. Nxc6 Bxc6 16. f5 b4 17. fxg6 hxg6 18. Bd4 Qg5 19. Bxf6 exf6 20. Qxf6 Qxf6
21. Rxf6 bxc3 22. bxc3 Bxe4 23. Rxf7 d5 24. Rxa7 Rxc3 25. Rd1 Kh8 26. Rd7 Ra8
27. Bxd5 Bxd5 28. R7xd5 Rxa2 29. Rg5 Kg7 30. h3 Rc6 31. Rf1 Rf6 32. Rxf6 Kxf6
33. Rb5 Rc2 34. Kh2 Rc3 35. h4 Rd3 36. g3 Rd6 37. Kh3 Rd4 38. Rb8 Rd6 39. Rf8+
Kg7 40. Rf4 Rd5 41. Kg4 Rc5 42. Re4 Rc6 43. Re5 Rb6 44. Kg5 Ra6 45. Re7+ Kf8
46. Rb7 Kg8 47. Kh6 Kf8 48. g4 Ra4 49. g5 Rxh4+ 50. Kxg6 Ra4 51. Rb8+ Ke7 52.
Kg7 Rg4 53. g6 Rg2 54. Rb1 Ke6 55. Rf1 Ra2 56. Kh7 Rh2+ 57. Kg8 Rg2 58. g7 Rg3
59. Kf8 1-0

[Event "Hastings Masters"]
[Site "Hastings, England"]
[Date "2015.01.03"
[Round "6.38"]
[White "Roggensack, Hans Peter"]
[WhiteElo "2010"]
[Black "Shepley, Julien M"]
[BlackElo "1942"]
[Result "1/2-1/2"]

1. e4 d6 2. d4 Nf6 3. Nc3 e5 4. Nf3 Nbd7 5. Bc4 Be7 6. a4 c6 7. a5 Qc7 8. O-O
Nxe4 9. Nxe4 d5 10. Nxe5 Nxe5 11. dxe5 Qxe5 12. Re1 dxe4 13. Qe2 Be6 14. Bxe6
Qxe6 15. Qxe4 Qxe4 16. Rxe4 O-O-O 17. Be3 Bf6 18. c3 Rd5 19. Bxa7 Rhd8 20. Kf1
Rd1+ 21. Re1 Rxa1 22. Rxa1 Rd2 23. Rb1 h5 24. Ke1 Rxb2 25. Rc1 Rb5 26. Bb6 Re5+
27. Kf1 Rb5 28. Rc2 Rb3 29. c4 Rb1+ 30. Ke2 Rb2 31. Rxb2 Bxb2 32. Kf3 Kd7 33.
Kf4 Ke6 34. h3 Bc3 35. g4 Bd2+ 36. Ke4 hxg4 37. hxg4 g6 38. Kd3 Bf4 39. Ke4 Be5
40. g5 Bc3 41. Bc7 Kd7 42. Bb6 Ke6 43. Bc7 1/2-1/2

[Event "Hastings Masters"]
[Site "Hastings, England"]
[Date "2015.01.03"
[Round "6.39"]
[White "Slade, Theodore"]
[WhiteElo "1869"]
[Black "Sikkel, Dirk"]
[BlackElo "2010"]
[Result "1-0"]

1. e4 g6 2. d4 Bg7 3. Nc3 d6 4. Nf3 a6 5. Be2 b5 6. O-O Bb7 7. a3 Nd7 8. Re1 e6
9. Bg5 f6 10. Bf4 e5 11. Be3 Ne7 12. Qd2 O-O 13. dxe5 Nxe5 14. Nd4 Qd7 15. f4
Ng4 16. a4 Nxe3 17. Qxe3 c5 18. Nf3 b4 19. Bc4+ Kh8 20. Ne2 Qc6 21. Ng3 f5 22.
c3 fxe4 23. Qxe4 Qxe4 24. Nxe4 Nf5 25. cxb4 cxb4 26. Rad1 Rad8 27. Neg5 Bxb2
28. Nf7+ Rxf7 29. Bxf7 Bxf3 30. gxf3 Kg7 31. Bc4 Bd4+ 32. Kh1 a5 33. Be6 Bc5
34. Rd5 Nd4 35. f5 gxf5 36. Bxf5 Rf8 37. Bg4 Nxf3 38. Re7+ 1-0

[Event "Hastings Masters"]
[Site "Hastings, England"]
[Date "2015.01.03"
[Round "6.40"]
[White "Kyrkjebo, Hanna B."]
[WhiteElo "1831"]
[Black "Spanton, Tim R"]
[BlackElo "2002"]
[Result "0-1"]

1. e4 c5 2. Nc3 g6 3. d4 cxd4 4. Qxd4 Nf6 5. Nf3 Nc6 6. Qa4 d6 7. e5 dxe5 8.
Nxe5 Bg7 9. Nxc6 bxc6 10. Qxc6+ Bd7 11. Qf3 O-O 12. Bd3 Qb6 13. O-O Bc6 14. Qe3
Qb7 15. f3 Rad8 16. Qe2 Rfe8 17. Kh1 e5 18. Ne4 Nd5 19. c3 Nf4 20. Bxf4 exf4
21. Qc2 Be5 22. Rad1 Kg7 23. Nd2 f5 24. Nc4 Bc7 25. Be2 Bd5 26. b3 Rc8 27. Rd4
Red8 28. Rfd1 Rd7 29. Qc1 Re8 30. Qd2 Red8 31. Qe1 Re7 32. Qf1 Qc6 33. Bd3 Rde8
34. Bb1 Bxc4 35. Rxc4 Qf6 36. h3 Bb6 37. Kh2 Qh4 38. Rc6 Re1 39. Rd7+ Kh6 40.
Rd1 Qg3+ 41. Kh1 Rxf1+ 42. Rxf1 Re2 43. Rg1 Bxg1 44. Kxg1 Qxg2# 0-1

[Event "Hastings Masters"]
[Site "Hastings, England"]
[Date "2015.01.03"
[Round "6.41"]
[White "Brewer, Callum D"]
[WhiteElo "1793"]
[Black "Wallis, Ian J"]
[BlackElo "2009"]
[Result "1/2-1/2"]

1. e4 e5 2. Nf3 Nc6 3. d4 exd4 4. Nxd4 Bc5 5. Be3 Qf6 6. c3 Nge7 7. Bc4 O-O 8.
O-O b6 9. Nxc6 Qxc6 10. Bxc5 Qxc5 11. Qd4 d6 12. b4 Qh5 13. f4 Bb7 14. Rf3 c5
15. Qd3 Rad8 16. Na3 d5 17. Rh3 Qg6 18. f5 Qf6 19. Rd1 h6 20. exd5 Nxd5 21. Qc2
cxb4 22. Bxd5 Rxd5 23. Rxd5 Bxd5 24. cxb4 Re8 25. Qc3 Qxf5 26. Rg3 Qe5 27. Nc2
Qxc3 28. Rxc3 Bxa2 29. Ra3 Bd5 30. Kf2 Bxg2 31. Ne3 Bc6 32. Rxa7 Re4 33. Rc7
Rf4+ 34. Kg3 Rf3+ 35. Kg2 Be4 36. Nc4 Rb3+ 37. Kf2 Rxb4 38. Nd6 Bd5 39. Nc8
Rb2+ 40. Kg3 Rg2+ 41. Kh3 Rg6 42. Ne7+ Kh7 43. Nxd5 Rd6 44. Ne7 b5 45. Rb7 Rd3+
46. Kg2 Rb3 47. Nc6 Rb2+ 48. Kg3 Rb3+ 49. Kg2 1/2-1/2

[Event "Hastings Masters"]
[Site "Hastings, England"]
[Date "2015.01.03"
[Round "6.42"]
[White "Pickersgill, Adrian O"]
[WhiteElo "1994"]
[Black "Higgs, Joshua"]
[BlackElo "1863"]
[Result "1-0"]

1. e4 e5 2. Nf3 Nc6 3. d4 exd4 4. Bc4 Bc5 5. c3 Nf6 6. cxd4 Bb4+ 7. Bd2 Bxd2+
8. Nbxd2 d5 9. exd5 Nxd5 10. Qb3 Nce7 11. O-O O-O 12. Rfe1 c6 13. Ne4 Qb6 14.
h3 Rd8 15. Rad1 Bf5 16. Ng3 Qxb3 17. Bxb3 Bg6 18. Ne5 Kf8 19. Nxg6+ hxg6 20.
Re2 Nf5 21. Nxf5 gxf5 22. Re5 g6 23. Bxd5 Rxd5 24. Rxd5 cxd5 25. Rc1 Re8 26.
Kf1 b6 27. f3 Re7 28. Kf2 Kg7 29. g3 Kf6 30. Rc6+ Re6 31. Rc7 Re7 32. Rxe7 Kxe7
33. Ke3 Kf6 34. f4 Kg7 35. Kd3 a5 36. b4 axb4 37. Kc2 Kh6 38. Kb3 g5 39. Kxb4
gxf4 40. gxf4 Kh5 41. Kb5 Kh4 42. Kxb6 Kg3 43. a4 Kxf4 44. a5 Kg3 45. a6 f4 46.
a7 f3 47. a8=Q f2 48. Qa1 Kg2 49. Kc5 1-0

[Event "Hastings Masters"]
[Site "Hastings, England"]
[Date "2015.01.03"
[Round "6.43"]
[White "Fleming, Andrew S J"]
[WhiteElo "1928"]
[Black "McKenna, John R"]
[BlackElo "1722"]
[Result "1-0"]

1. Nf3 d5 2. g3 Nf6 3. Bg2 c6 4. O-O Bg4 5. d4 Nbd7 6. Nbd2 e6 7. c4 Be7 8. b3
O-O 9. Bb2 b5 10. a3 bxc4 11. bxc4 Rb8 12. Bc3 Qc7 13. h3 Bf5 14. Nh4 Rb7 15.
Nxf5 exf5 16. Qc2 Ne4 17. Bb2 Rfb8 18. Ra2 Ndf6 19. Rc1 Qa5 20. Nf3 Rb3 21. Ne5
Qb6 22. Nd3 a5 23. cxd5 Nxd5 24. Qxc6 Qxc6 25. Rxc6 Ndc3 26. Bxc3 Nxc3 27. Rc2
Rb1+ 28. Kh2 Nb5 29. Rc8+ Rxc8 30. Rxc8+ Bf8 31. Ne5 Nd6 32. Rd8 Rc1 33. Bc6 g6
34. d5 Kg7 35. Rd7 Kf6 36. Nf3 Ne4 37. Kg2 Bxa3 38. Ra7 Bb4 39. Be8 Nd6 40. Bc6
Ne4 41. Ra6 Nd6 42. Nd4 Ke5 43. e3 Rb1 44. Nf3+ Kf6 45. Nd4 Rb2 46. Bb5 Kg7 47.
Bd3 Ne4 48. Bxe4 fxe4 49. d6 Bc3 50. d7 1-0

[Event "Hastings Masters"]
[Site "Hastings, England"]
[Date "2015.01.03"
[Round "6.44"]
[White "Wettasinha, Vasanta"]
[WhiteElo "1761"]
[Black "Akshay V Halagannavar"]
[BlackElo "1881"]
[Result "1-0"]

1. e4 c5 2. Nf3 Nc6 3. d4 cxd4 4. Nxd4 Nf6 5. Nc3 e5 6. Ndb5 d6 7. Bg5 a6 8.
Na3 b5 9. Nd5 Be7 10. Bxf6 Bxf6 11. c4 b4 12. Nc2 O-O 13. h4 a5 14. g3 Be6 15.
Bh3 Bxd5 16. cxd5 Ne7 17. O-O g6 18. Ne3 Bg7 19. h5 f5 20. hxg6 hxg6 21. exf5
Nxf5 22. Nxf5 gxf5 23. Qh5 Qf6 24. Rac1 Ra7 25. Rc6 Bh6 26. Bxf5 Rg7 27. Be6+
Kh7 28. Qh3 e4 29. Rxd6 Kh8 30. Rc6 Rg6 31. Bg4 Qg7 32. Bf5 Rgf6 33. Bxe4 Qe7
34. Rxf6 Rxf6 35. Qc8+ Bf8 36. Qc2 Qg7 37. Kg2 Bd6 38. Rh1+ Kg8 39. Bf5 1-0

[Event "Hastings Masters"]
[Site "Hastings, England"]
[Date "2015.01.03"
[Round "6.45"]
[White "Willson, Ollie"]
[WhiteElo "1874"]
[Black "Pooley, Mark C"]
[BlackElo "1686"]
[Result "1-0"]

1. d4 Nf6 2. Nf3 e6 3. c4 b6 4. g3 Bb7 5. Bg2 d5 6. Ne5 c6 7. O-O Nbd7 8. Nxd7
Qxd7 9. cxd5 cxd5 10. Nc3 Be7 11. Bf4 O-O 12. Qd3 Bc6 13. Rfc1 Rfc8 14. Rc2 Bd6
15. Bxd6 Qxd6 16. Rac1 Qd7 17. Bh3 Bb7 18. e3 Ne8 19. b3 Nd6 20. Bg2 f5 21. Ne2
Rxc2 22. Rxc2 Rc8 23. h4 Rxc2 24. Qxc2 Qc8 25. Qb2 Nb5 26. Bf1 Nd6 27. Qa3 Qb8
28. Nf4 Kf7 29. Nd3 a5 30. Ne5+ Ke7 31. Qc1 Qc8 32. Qd1 Qe8 33. Qe2 Nf7 34.
Nxf7 Qxf7 35. Qb5 Qe8 36. Qxb6 Qc8 37. Qxa5 Kf6 38. Qb6 Qd7 39. a4 h5 40. a5 g5
41. Bb5 Qc8 42. Qc5 Qb8 43. hxg5+ Kxg5 44. Qe7+ Kg6 45. Be8+ 1-0

[Event "Hastings Masters"]
[Site "Hastings, England"]
[Date "2015.01.03"
[Round "6.46"]
[White "Fryer, David W"]
[WhiteElo "2004"]
[Black "Evans, Helen I"]
[BlackElo "1621"]
[Result "1-0"]

1. e4 c5 2. Nc3 Nc6 3. g3 g6 4. Bg2 Bg7 5. d3 d6 6. Be3 Nd4 7. Qd2 Qa5 8. h3
Bd7 9. f4 e6 10. Nf3 Nxf3+ 11. Bxf3 Ne7 12. Nd1 Qxd2+ 13. Bxd2 d5 14. c3 dxe4
15. dxe4 Rd8 16. Ne3 b5 17. e5 f6 18. exf6 Bxf6 19. Ng4 Bg7 20. Be3 Nf5 21.
Bxc5 Nxg3 22. Rg1 Nh5 23. Bd6 Bc6 24. Bxc6+ 1-0

[Event "Hastings Masters"]
[Site "Hastings, England"]
[Date "2015.01.03"
[Round "6.47"]
[White "Denham, Colin"]
[WhiteElo "1685"]
[Black "Dennis, Nigel W"]
[BlackElo "1842"]
[Result "0-1"]

1. e4 c5 2. Nf3 e6 3. c3 d5 4. exd5 Qxd5 5. Na3 a6 6. Nc4 Nd7 7. d3 Ngf6 8. Bg5
Be7 9. Bf4 O-O 10. Nfe5 b5 11. Ne3 Qb7 12. Nxd7 Bxd7 13. Bg5 Bc6 14. f3 Rad8
15. Qe2 h6 16. Bh4 Rfe8 17. Bf2 Nd5 18. Bg3 Bg5 19. Bf2 a5 20. h4 Bf4 21. Rh3
Kf8 22. Ng4 Bd6 23. Ne5 Nf4 24. Nxc6 Qxc6 25. Qc2 Nxh3 26. gxh3 Qxf3 27. d4 c4
28. b3 Bg3 29. bxc4 Qe3+ 0-1

[Event "Hastings Masters"]
[Site "Hastings, England"]
[Date "2015.01.03"
[Round "6.48"]
[White "Dean, Michael J"]
[WhiteElo "1574"]
[Black "French, Max"]
[BlackElo "1763"]
[Result "0-1"]

1. e4 c6 2. c4 d5 3. cxd5 cxd5 4. exd5 Nf6 5. Nc3 Nxd5 6. Bc4 Nb6 7. Bb3 Nc6 8.
Nf3 Bg4 9. Bxf7+ Kd7 10. Bb3 e6 11. d4 Kc7 12. Bf4+ Kc8 13. h3 Bxf3 14. Bxe6+
Nd7 15. Qxf3 Nxd4 16. Bxd7+ Qxd7 17. Qd3 Bc5 18. O-O-O g6 19. g4 Rd8 20. Rhe1
Nb3+ 21. Kc2 Na1+ 22. Kc1 Qxd3 23. Rxd3 Rxd3 24. Re8+ Rd8 25. Rxd8+ Kxd8 26.
Bg3 Kd7 27. Kb1 Re8 28. Kxa1 Re1+ 29. Nb1 Rf1 30. f4 Rf3 31. Be1 Rxf4 32. a3
Rf3 33. h4 Bf2 34. Bxf2 Rxf2 35. Nd2 Rh2 36. h5 gxh5 37. g5 Ke6 38. Ne4 b6 39.
Nf6 h6 40. Nh7 hxg5 41. Nxg5+ Kf5 42. Nf3 Rh1+ 43. Ka2 h4 44. b4 h3 45. b5 Ke4
46. Ng5+ Kd5 47. Kb3 h2 48. Ka4 Rg1 0-1

[Event "Hastings Masters"]
[Site "Hastings, England"]
[Date "2015.01.03"
[Round "6.49"]
[White "Kyrkjebo, Marte B."]
[WhiteElo "1598"]
[Black "Macrae, James S"]
[BlackElo "1723"]
[Result "1-0"]

1. e4 Nc6 2. Nf3 e6 3. d4 d5 4. Nbd2 dxe4 5. Nxe4 Be7 6. Bd3 Nf6 7. c3 O-O 8.
O-O b6 9. Qc2 h6 10. Nxf6+ Bxf6 11. Bf4 Bb7 12. Rfe1 Re8 13. Rad1 Rc8 14. Ne5
Bxe5 15. dxe5 Qe7 16. Qe2 Nb8 17. Qg4 Kh8 18. Qh5 Qf8 19. Re3 f5 20. exf6 Qxf6
21. Be5 Qg5 22. Qxg5 hxg5 23. Rh3+ Kg8 24. Bh7+ Kf7 25. Rg3 Rcd8 26. Rgd3 Rxd3
27. Bxd3 Re7 28. Bc4 Nc6 29. Bg3 Na5 30. Be2 Bd5 31. b3 c5 32. h4 gxh4 33. Bxh4
Re8 34. c4 Bc6 35. Rd6 Be4 36. Bd3 Bxd3 37. Rxd3 Nc6 38. Rd7+ Kg6 39. Rc7 Nd4
40. Rxa7 Nf5 41. g3 Nxh4 42. gxh4 e5 43. Rb7 Re6 44. Kg2 Kh5 45. Kg3 g5 46.
hxg5 Kxg5 47. Kf3 e4+ 48. Ke3 Kf5 49. Rf7+ Kg6 50. Rf4 Rd6 51. Rxe4 Kf5 52. Re8
Kf6 53. f4 Kf7 54. Re5 Kf6 55. Rd5 Re6+ 56. Kf3 1-0